[Event "St Petersburg op (Women)"]
[Site "St Petersburg"]
[Date "2000.04.09"]
[Round "3"]
[White "Kychanova, Elena"]
[Black "Shirjaeva, Jaroslava"]
[Result "1/2-1/2"]
[WhiteElo "2050"]
[BlackElo "2134"]
[PlyCount "55"]
[EventDate "2000.04.07"]
[EventType "swiss"]
[EventRounds "9"]
[EventCountry "RUS"]
[SourceTitle "CBM 075 Extra"]
[Source "ChessBase"]
[SourceDate "2000.05.11"]
[SourceVersion "2"]
[SourceVersionDate "2000.05.11"]
[SourceQuality "1"]

1. e4 c5 2. Nf3 Nc6 3. d3 d6 4. Be2 g6 5. c3 e5 6. Be3 Bg7 7. Qd2 h6 8. Na3 Nge7 9. d4 exd4 10. cxd4 cxd4 11. Nxd4 d5 12. Nxc6 bxc6 13. Rd1 Be6 14. exd5 Qxd5 15. 0-0 Qxd2 16. Rxd2 Bxa2 17. Nc4 0-0 18. Bc5 Rfe8 19. Nd6 Reb8 20. b4 Bd5 21. Ba6 Nf5 22. Nb7 Bc4 23. Bxc4 Rxb7 24. Ba6 Rc7 25. Rfd1 Bf6 26. Rd7 Rxd7 27. Rxd7 Rd8 28. Rxd8+ 1/2-1/2

[Event "St Petersburg White Nights op"]
[Site "St Petersburg"]
[Date "1998.06.24"]
[Round "5"]
[White "Shour, Janna"]
[Black "Shirjaeva, Jaroslava"]
[Result "1-0"]
[WhiteElo "2210"]
[BlackElo "2100"]
[PlyCount "43"]
[EventDate "1998.06.??"]
[EventType "swiss"]
[EventRounds "9"]
[EventCountry "RUS"]
[SourceTitle "EXT 1999"]
[Source "ChessBase"]
[SourceDate "1998.11.16"]
[SourceVersion "1"]
[SourceVersionDate "1998.11.16"]
[SourceQuality "1"]

1. e4 c5 2. Nf3 e6 3. d4 cxd4 4. Nxd4 Nc6 5. Nc3 d6 6. g3 a6 7. Bg2 Qc7 8. 0-0 Nge7 9. Ndb5 axb5 10. Nxb5 Qd7 11. Nxd6+ Kd8 12. Nxf7+ Ke8 13. Nxh8 Qxd1 14. Rxd1 g6 15. f4 Bg7 16. Nxg6 hxg6 17. e5 Nb4 18. c3 Nxa2 19. Be3 Nf5 20. Bc5 Bf8 21. Bxf8 Kxf8 22. Be4 1-0

[Event "St Petersburg White Nights op"]
[Site "St Petersburg"]
[Date "1998.06.22"]
[Round "3"]
[White "Khamidulin, Viacheslav"]
[Black "Shirjaeva, Jaroslava"]
[Result "1/2-1/2"]
[WhiteElo "2245"]
[BlackElo "2100"]
[PlyCount "98"]
[EventDate "1998.06.??"]
[EventType "swiss"]
[EventRounds "9"]
[EventCountry "RUS"]
[SourceTitle "EXT 1999"]
[Source "ChessBase"]
[SourceDate "1998.11.16"]
[SourceVersion "1"]
[SourceVersionDate "1998.11.16"]
[SourceQuality "1"]

1. d4 d5 2. c4 e6 3. Nc3 c5 4. cxd5 exd5 5. Nf3 Nc6 6. g3 Nf6 7. Bg2 Be7 8. 0-0 0-0 9. Bg5 cxd4 10. Nxd4 h6 11. Be3 Bg4 12. h3 Be6 13. Rc1 Qd7 14. Kh2 Rfd8 15. Nxc6 bxc6 16. Na4 Bf5 17. Nc5 Bxc5 18. Bxc5 Be4 19. f3 Bg6 20. Qa4 Rdc8 21. Rfd1 Qb7 22. Bd4 Nd7 23. b4 a5 24. bxa5 Qa6 25. e4 dxe4 26. Bxg7 Kxg7 27. Rxd7 Qxa5 28. Qd4+ Kh7 29. fxe4 Qxa2 30. e5 Ra4 31. Qe3 Re4 32. Rxf7+ Qxf7 33. Bxe4 Bxe4 34. Qxe4+ Qg6 35. Qb4 Re8 36. Qf4 Rb8 37. Rf1 Rb2+ 38. Rf2 Rxf2+ 39. Qxf2 Qe6 40. Qe3 Kg7 41. g4 Kf7 42. Kg3 Kg7 43. h4 Kf7 44. Qa7+ Kg8 45. Qb8+ Kf7 46. Qc7+ Kf8 47. Kf4 Qc4+ 48. Kf5 Qd3+ 49. Kf6 Qf3+ 1/2-1/2

[Event "St Petersburg-ch (Women)"]
[Site "St Petersburg"]
[Date "1998.??.??"]
[Round "?"]
[White "Aseeva, Marina"]
[Black "Shirjaeva, Jaroslava"]
[Result "1-0"]
[WhiteElo "2140"]
[BlackElo "2100"]
[PlyCount "79"]
[EventDate "1998.??.??"]
[EventType "tourn"]
[EventRounds "10"]
[EventCountry "RUS"]
[SourceTitle "EXT 2000"]
[Source "ChessBase"]
[SourceDate "1999.11.16"]
[SourceVersion "1"]
[SourceVersionDate "1999.11.16"]
[SourceQuality "1"]

1. e4 c5 2. Nf3 d6 3. d4 cxd4 4. Nxd4 Nf6 5. Nc3 a6 6. Bg5 e6 7. Qd2 Be7 8. 0-0-0 Qc7 9. f4 Nbd7 10. g4 b5 11. Bg2 Bb7 12. a3 h6 13. Bxf6 gxf6 14. f5 e5 15. Nb3 Nb6 16. Kb1 Nc4 17. Qd3 Rc8 18. Ka2 Nxa3 19. Kxa3 b4+ 20. Ka2 bxc3 21. Qxc3 Qxc3 22. bxc3 Rxc3 23. Kb2 Rc7 24. Na5 Ba8 25. Rhe1 0-0 26. Re3 Rfc8 27. c3 Rb8+ 28. Kc2 Rc5 29. Nb3 Rcb5 30. c4 Rb4 31. Nd2 Rb2+ 32. Kd3 Bd8 33. Ke2 Bc6 34. Rd3 Bc7 35. Kf3 a5 36. Ra3 a4 37. Rd3 Kf8 38. Bf1 Ke7 39. Be2 Ba5 40. Nf1 1-0

[Event "St Petersburg-ch (Women)"]
[Site "St Petersburg"]
[Date "1998.??.??"]
[Round "?"]
[White "Efremova, Svetlana"]
[Black "Shirjaeva, Jaroslava"]
[Result "1/2-1/2"]
[WhiteElo "2180"]
[BlackElo "2100"]
[PlyCount "89"]
[EventDate "1998.??.??"]
[EventType "tourn"]
[EventRounds "10"]
[EventCountry "RUS"]
[SourceTitle "EXT 2000"]
[Source "ChessBase"]
[SourceDate "1999.11.16"]
[SourceVersion "1"]
[SourceVersionDate "1999.11.16"]
[SourceQuality "1"]

1. e4 c5 2. Nf3 e6 3. d3 Nc6 4. g3 d6 5. Bg2 g6 6. 0-0 Bg7 7. c3 e5 8. Re1 Nge7 9. Nbd2 0-0 10. a4 h6 11. Nc4 Be6 12. Qc2 Qd7 13. b3 f5 14. exf5 Nxf5 15. Bb2 Rf7 16. Rf1 d5 17. Ne3 Raf8 18. Nxf5 gxf5 19. Nd2 f4 20. f3 h5 21. Rf2 b6 22. Nf1 Ne7 23. Re1 d4 24. cxd4 cxd4 25. Ba3 Rc8 26. Qb1 Nd5 27. Nd2 Ne3 28. Ne4 Bf8 29. Bxf8 Rfxf8 30. gxf4 exf4 31. Kh1 Kh8 32. Rg1 Qd5 33. Qb2 Rcd8 34. b4 Bf5 35. Bf1 Nd1 36. Qd2 Nxf2+ 37. Qxf2 Bxe4 38. fxe4 Qf7 39. Rg5 Kh7 40. Qh4 Kh6 41. Rf5 Qg6 42. Qxf4+ Kg7 43. Qe5+ Kh6 44. Qf4+ Kg7 45. Qe5+ 1/2-1/2

[Event "St Petersburg Rudenko Memorial (Women)"]
[Site "St Petersburg"]
[Date "1996.??.??"]
[Round "3"]
[White "Shirjaeva, Jaroslava"]
[Black "Shour, Janna"]
[Result "1-0"]
[WhiteElo "2140"]
[BlackElo "2165"]
[PlyCount "83"]
[EventDate "1996.??.??"]
[EventType "swiss"]
[EventRounds "9"]
[EventCountry "RUS"]
[SourceTitle "EXT 2000"]
[Source "ChessBase"]
[SourceDate "1999.11.16"]
[SourceVersion "1"]
[SourceVersionDate "1999.11.16"]
[SourceQuality "1"]

1. e4 d6 2. d4 g6 3. Nc3 Bg7 4. Bg5 c6 5. Qd2 b5 6. f4 Nf6 7. Bd3 Qb6 8. Nf3 Bg4 9. e5 dxe5 10. fxe5 Nfd7 11. Ne2 Na6 12. h3 Bxf3 13. gxf3 Nc7 14. 0-0-0 Ne6 15. Be3 Qa6 16. Kb1 Nb6 17. f4 0-0-0 18. f5 Nc7 19. Nc3 Ncd5 20. Nxd5 Nxd5 21. Bh6 Bxh6 22. Qxh6 Nb4 23. a3 Nxd3 24. Rxd3 gxf5 25. d5 Qb6 26. d6 e6 27. Qg7 Rdf8 28. d7+ Kb7 29. Rhd1 Qd8 30. Rd6 Rhg8 31. Qxh7 Qg5 32. h4 Qd8 33. Qh5 Rg4 34. Qh6 Rgg8 35. Qd2 Rh8 36. Qg2 Qc7 37. R1d3 Rd8 38. Rc3 Rhg8 39. Qh1 Qb6 40. Qf3 Rg1+ 41. Ka2 b4 42. Rcxc6 1-0